| 000 | 01082cam a22003014a 4500 | ||
|---|---|---|---|
| 001 | 13538450 | ||
| 003 | OSt | ||
| 005 | 20240315151305.0 | ||
| 008 | 040326s2005 enka b 001 0 eng | ||
| 010 | _a 2004047708 | ||
| 020 | _a0321210255 (pbk.) | ||
| 040 |
_aDLC _cDLC _dDLC |
||
| 042 | _apcc | ||
| 050 | 0 | 0 |
_aQA76.9.D26 _bC648 2005 |
| 082 | 0 | 0 |
_a005.74 CON 2005 _222 |
| 100 | 1 |
_aConnolly, Thomas M.; Begg, Carolyn E. _96394 |
|
| 245 | 1 | 0 |
_aDatabase Systems : _ba practical approach to design, implementation, and management |
| 250 | _a4th ed. | ||
| 260 |
_aHarlow, Essex, England ; _bAddison-Wesley, _c2005. |
||
| 300 |
_al, 1374 p. : _bill. ; _c24 cm. |
||
| 440 | 0 |
_aInternational computer science series _96790 |
|
| 504 | _aIncludes bibliographical references (p. [1332]-1344) and index. | ||
| 650 | 0 |
_aDatabase design. _96791 |
|
| 650 | 0 |
_aDatabase management. _9508 |
|
| 906 |
_a7 _bcbc _corignew _d1 _eocip _f20 _gy-gencatlg |
||
| 942 |
_2ddc _cSLOAN |
||
| 999 |
_c3045 _d3045 |
||